Top 10 Ballon d’Or List 2024 - Statistics

General Stats
  • This quiz has been taken 85 times
  • The average score is 6 of 10
Answer Stats
Hint Answer % Correct
1. Rodri
92%
2. Vinicius Jr.
90%
5. Haaland
77%
6. Mbappé
77%
3. Bellingham
70%
10. Kane
54%
8. Yamal
54%
4. Carvajal
51%
7. Martínez
31%
9. Kroos
28%
No matching quizzes found
Score Distribution
Percent of People with Each Score
Percentile by Number Answered
Your Score History
You have not taken this quiz